La integración escolar como problemática profesional (Registro nro. 17378)

000 -CABECERA
campo de control de longitud fija 01318cam a22004454a 4500
001 - NÚMERO DE CONTROL
campo de control YPZ19690
003 - IDENTIFICADOR DEL NÚMERO DE CONTROL
campo de control YPZ
005 - FECHA Y HORA DE LA ÚLTIMA TRANSACCIÓN
campo de control 20231215120251.0
008 - DATOS DE LONGITUD FIJA--INFORMACIÓN GENERAL
campo de control de longitud fija 070502|###########||||||b||||||||||spa|d
020 ## - NÚMERO INTERNACIONAL ESTÁNDAR DEL LIBRO
Número Internacional Estándar del Libro 9875381403
040 ## - FUENTE DE LA CATALOGACIÓN
Centro/agencia transcriptor SIUNPA
Centro catalogador/agencia de origen SIUNPA
Lengua de catalogación spa
Normas de descripción AACR2
041 ## - CÓDIGO DE LENGUA
Código de lengua del texto/banda sonora o título independiente spa
044 ## - CÓDIGO DEL PAÍS DE LA ENTIDAD EDITORA/PRODUCTORA
Código MARC del país ag
080 ## - NÚMERO DE LA CLASIFICACIÓN DECIMAL UNIVERSAL
Número de la Clasificación Decimal Universal 376 I611i
100 ## - ENTRADA PRINCIPAL--NOMBRE DE PERSONA
Nombre de persona Dubrovsky, Silvia
245 ## - MENCIÓN DE TÍTULO
Título La integración escolar como problemática profesional
Mención de responsabilidad, etc. / Silvia Dubrovsky ... [et al.] ; compiladora Silvia Dubrovsky
260 ## - PUBLICACIÓN, DISTRIBUCIÓN, ETC.
Lugar de publicación, distribución, etc. Buenos Aires
Nombre del editor, distribuidor, etc. : Novedades Educativas
Fecha de publicación, distribución, etc. , 2005
300 ## - DESCRIPCIÓN FÍSICA
Extensión 206 p.
490 ## - MENCIÓN DE SERIE
Mención de serie (Conjunciones)
650 ## - PUNTO DE ACCESO ADICIONAL DE MATERIA--TÉRMINO DE MATERIA
Término de materia o nombre geográfico como elemento de entrada INTEGRACION ESCOLAR
650 ## - PUNTO DE ACCESO ADICIONAL DE MATERIA--TÉRMINO DE MATERIA
Término de materia o nombre geográfico como elemento de entrada EDUCACION ESPECIAL
650 ## - PUNTO DE ACCESO ADICIONAL DE MATERIA--TÉRMINO DE MATERIA
Término de materia o nombre geográfico como elemento de entrada EXPERIENCIA EDUCACIONAL
650 ## - PUNTO DE ACCESO ADICIONAL DE MATERIA--TÉRMINO DE MATERIA
Término de materia o nombre geográfico como elemento de entrada RELACION FAMILIA
650 ## - PUNTO DE ACCESO ADICIONAL DE MATERIA--TÉRMINO DE MATERIA
Término de materia o nombre geográfico como elemento de entrada ESCUELA
650 ## - PUNTO DE ACCESO ADICIONAL DE MATERIA--TÉRMINO DE MATERIA
Término de materia o nombre geográfico como elemento de entrada POLIMODAL
650 ## - PUNTO DE ACCESO ADICIONAL DE MATERIA--TÉRMINO DE MATERIA
Término de materia o nombre geográfico como elemento de entrada DIFICULTADES EN EL APRENDIZAJE
700 ## - PUNTO DE ACCESO ADICIONAL--NOMBRE DE PERSONA
Nombre de persona Alegre, Sandra Teresa.
700 ## - PUNTO DE ACCESO ADICIONAL--NOMBRE DE PERSONA
Nombre de persona Campos, María del Carmen.
700 ## - PUNTO DE ACCESO ADICIONAL--NOMBRE DE PERSONA
Nombre de persona Dibner, Nora.
700 ## - PUNTO DE ACCESO ADICIONAL--NOMBRE DE PERSONA
Nombre de persona Gallo, Adriana Amelia.
700 ## - PUNTO DE ACCESO ADICIONAL--NOMBRE DE PERSONA
Nombre de persona Gianella, Adriana Mónica.
700 ## - PUNTO DE ACCESO ADICIONAL--NOMBRE DE PERSONA
Nombre de persona González, Graciela Margarita.
700 ## - PUNTO DE ACCESO ADICIONAL--NOMBRE DE PERSONA
Nombre de persona Gutesman, Daniela.
700 ## - PUNTO DE ACCESO ADICIONAL--NOMBRE DE PERSONA
Nombre de persona Kuitca, Rut.
700 ## - PUNTO DE ACCESO ADICIONAL--NOMBRE DE PERSONA
Nombre de persona Kulesz, Analía.
700 ## - PUNTO DE ACCESO ADICIONAL--NOMBRE DE PERSONA
Nombre de persona Niro, Ana María Rita.
700 ## - PUNTO DE ACCESO ADICIONAL--NOMBRE DE PERSONA
Nombre de persona Sipes, Marta.
700 ## - PUNTO DE ACCESO ADICIONAL--NOMBRE DE PERSONA
Nombre de persona Dubrovsky, Silvia
Término indicativo de función/relación , comp.
942 ## - ELEMENTOS DE PUNTO DE ACCESO ADICIONAL (KOHA)
Tipo de ítem Koha Libros
Fuente del sistema de clasificación o colocación
Existencias
Estado de retiro Estado de pérdida Estado dañado No para préstamo Código de colección Localización permanente Ubicación/localización actual Fecha de adquisición Fuente de adquisición Coste, precio normal de compra Número de inventario Total de préstamos Signatura topográfica completa Código de barras Fecha visto por última vez Fecha del último préstamo Precio válido a partir de Tipo de ítem Koha Fuente del sistema de clasificación o colocación
        Colección General SIUNPA Biblioteca Académica Malvina Perazo 2008-04-14 SIUNPA 25.60 05-35174 1 376 I611i 05-35174 2022-02-07 2021-12-20 2019-04-03 Libros  
        Colección General SIUNPA Biblioteca Académica UACO 2007-04-27 SIUNPA 25.20 02-31886 4 376 I611i 02-31886 2024-05-22 2024-05-20 2019-04-03 Libros